000 00643nam a2200205 i 4500
001 88112
003 ES-MaACL
005 20230906175814.0
007 t|
008 050103s1942 sp ||||1| spa d
100 1 _aLagerlöf, Selma.
_969571
245 1 0 _aTale Thott y otras historias /
_cSelma Largelöf ; [traducción de Nora Grülding].
260 _a[Barcelona :
_bTartessos,
_c1942] (
_fAleu y Domingo)
300 _a243 p. ;
_c17 cm.
490 1 _aColección "Seis delfines"
700 1 _aGrülding, Nora.
_960237
830 0 _aColección "Seis delfines"
_9229294
852 _aES-MaACL
_jD-5688
_bR.31081
999 _c88112
_d88112